000 00711cab a2200241 4500
001 ABS43671
008 090401t1990 xxu||||| |||| 00| 0 eng d
035 _a(Sirsi) u42889
041 _aeng
100 _aBarker, F.
245 _aPlough and be damned
260 _c1990
350 _a0
490 _aLaw Society`s Gazette
_v(40) 7 November 1990, 26-28(3)
520 _aA critique of the Rights of Way Act 1990 principally concerned with interferences to the public right of way on agricultural land .
650 _aBRIDLEWAYS
650 _aFOOTPATH
650 _aHIGHWAYS ACT 1980
650 _aPLOUGHING
690 _aHIGHWAYS RIGHTS OF WAY AND EASEMENTS
942 _n0
948 _c04/03/1997
999 _c27431
_d27431